Statistics for Portland Trail Blazers 2018-19 Roster

Click here to take the quiz!

General Stats

  • This quiz has been taken 61 times
  • The average score is 10 of 16

Answer Stats

Nbr Post Player % Correct
0PGDamian Lillard
100%
3SGCJ McCollum
97%
27CJusuf Nurkic
94%
8PFAl-Farouq Aminu
89%
33CZach Collins
72%
4SFMaurice Harkless
72%
-CoachTerry Stotts
64%
11CMeyers Leonard
58%
31SGSeth Curry
56%
1PGEvan Turner
56%
24SGAnfernee Simons
47%
9SGGary Trent Jr.
39%
10SFJake Layman
33%
50PFCaleb Swanigan
33%
2PGWade Baldwin IV
25%
6SGNik Stauskas
25%

Score Distribution

Percentile by Number Answered

Percent of People with Each Score

Your Score History

You have not taken this quiz